00548 2200205 4500001002100000005001700021008004100038035002400079090001500103100001900118245005300137250001000190260004200200300003000242650002100272850001500293980001300308985000600321999001500327YOGYA-0209000004833920090227031933.0 ind  0010-020900000048339 a410bNab S aNABABAN, P.W.J aSosiolinguistikbsuatu pengantarcP.W.J. Nababan aCet.4 aJakartabGramedia Pustaka Utamac1993 aviii, 83 hlmbilusc21 cm aBahasa Indonesia aYOPDYOG(M) a07-11-07 a1 a96P0084097